000 00465nam a2200169 a 4500
020 _a0408011122 (pbk)
082 _a627.0285
_bSMI
_cD
100 1 _aSmith, P. D.
_939969
245 1 _aBasic Hydraulics
260 _aLondon :
_bButterworth,
_c1982
300 _a156p.
526 _a0
_b0
_c0
_d627_028500000000000_SMI
526 _a0
_b0
_c0
_d627_028500000000000_SMI
650 _aBasic (Computer Programe Language )
_939970
650 _aMCE
_9379
942 _2ddc
_cBK
999 _c547828
_d547828